Missing Word: Movie Words Ending in 'E' Quiz Stats

 Plays Quiz Updated Dec 16, 2015

Challenge
Share
Tweet
Embed
Score 0/30 Timer 04:00
0 Plays Today
Hint Missing Word % Correct
Saving _____ RyanPrivate
97.9%
The Sixth _____Sense
97.6%
The _____ of the LambsSilence
97.4%
It's a Wonderful _____Life
96.7%
Moulin _____!Rouge
96.1%
Slumdog _____Millionaire
95.9%
Eyes _____ ShutWide
95.9%
Star Wars: Episode V - The _____ Strikes BackEmpire
95.5%
2001: A _____ OdysseySpace
95.2%
_____ Like It HotSome
95%
The Green _____Mile
94.7%
Citizen _____Kane
94.1%
Butch Cassidy and the _____ KidSundance
93%
12 Years a _____Slave
92.4%
_____ RunnerBlade
92.1%
Hint Missing Word % Correct
For a Few Dollars _____More
91.7%
_____ of FrankensteinBride
86.2%
_____ HallAnnie
83.3%
Grosse _____ BlankPointe
81.8%
All About _____Eve
81.3%
_____ LiesTrue
80.3%
The Great _____Escape
80.3%
Eternal _____ of the Spotless MindSunshine
75.7%
_____ GirlGone
75.5%
_____ IndemnityDouble
71.7%
The Age of _____Innocence
70%
_____ NowApocalypse
61.9%
_____ BrownJackie
54.9%
_____ SpaceOffice
49.3%
Before _____Sunrise
38.5%

Today's Daily Dose

You're not logged in!

Compare scores with friends on all Sporcle quizzes.
OR
Log In

You Might Also Like...

Show Comments

Extras

Top Quizzes Today


Score Distribution

Your Account Isn't Verified!

In order to create a playlist on Sporcle, you need to verify the email address you used during registration. Go to your Sporcle Settings to finish the process.

Report this User

Report this user for behavior that violates our Community Guidelines.

Details: